000 00698nam a2200229Ii 4500
003 JO-AjNU
008 230606s9999||||xx |||||||||||||| ||und||
020 _a0-19-281105-3
040 _aJO-AjNU
_beng
_erda
_cJO-AjNU
041 _aeng
050 1 4 _aPZ3.R116.I5 1970
100 3 _aGarber, Frederick,
_eauthor
_95525
245 0 4 _aThe Italian or The Confession of the Black Penitents A Romace
250 _a1 ed
264 3 1 _aLondon: Oxford University Press ,1970
300 _a418P
336 _atext
_btxt
_2rdacontent
337 _aunmediated
_bn
_2rdamedia
338 _avolume
_bnc
_2rdacarrier
490 0 _aThe worlds classics 
650 4 _a English fiction -- 18th century. 
_95526
999 _aE2858
_c2856
_d2856